| 000 | 00762nam a2200265Ia 4500 | ||
|---|---|---|---|
| 003 | OSt | ||
| 005 | 20221007110831.0 | ||
| 006 | a|||||r|||| 00| 0 | ||
| 007 | ta | ||
| 008 | 221006b |||||||| |||| 00| 0 eng d | ||
| 020 | _a0195693205 | ||
| 024 | _a21,963 | ||
| 037 | _cTextual | ||
| 040 |
_aLCO _cLCO _beng |
||
| 041 |
_2eng _aeng |
||
| 082 | _aZ2,81, P9 | ||
| 100 |
_aShylashri Shankar _9476430 |
||
| 245 | 0 |
_aScaling Justice _b India's Supreme Court, Anti - Terror Laws, and Social Rights |
|
| 260 |
_aNew _bDelhi Oxford University Press India _c2009 |
||
| 300 | _a230 | ||
| 650 |
_a SOCIAL RIGHT _9707901 |
||
| 650 |
_aANTI TERROR LAW _9707902 |
||
| 942 |
_hZ2,81, P9 _cTEXL |
||
| 999 |
_c1191526 _d1191526 |
||